书目信息 |
| 题名: |
怎样打算盘
|
|
| 作者: | ;上海人民出版社 编 | |
| 分册: | ||
| 出版信息: | 上海 编者 1984 |
|
| 页数: | 100页 | |
| 开本: | 19cm | |
| 丛书名: | ||
| 单 册: | ||
| 中图分类: | O121.5 | |
| 科图分类: | ||
| 主题词: | 珠算 | |
| 电子资源: | ||
| ISBN: | ||
| 000 | 00653nam0 2200253 45 | |
| 001 | 0184002310 | |
| 005 | 20040519164544.2 | |
| 010 | @dCNY0.20 | |
| 091 | @a4074.339 | |
| 100 | @a19950629d1984 em y0chiy0121 ea | |
| 101 | 0 | @achi |
| 102 | @aCN@b310000 | |
| 105 | @ay z 000yy | |
| 106 | @ar | |
| 200 | 10 | @a怎样打算盘@Azen yang da suan pan@f上海人民出版社编 |
| 205 | @a3版 | |
| 210 | @a上海@c编者@d1984 | |
| 215 | @a100页@d19cm | |
| 606 | @a珠算 | |
| 690 | @aO121.5@v3 | |
| 711 | 02 | @a上海人民出版社@Ashang hai ren min chu ban she@4编 |
| 801 | 0 | @aCN@b上海图书馆@c20040519 |
| 801 | 2 | @aCN@bNLC@c20040519 |
| 905 | @f3@b38453-455@dO121.5@e106 | |
| 怎样打算盘/上海人民出版社编.-3版.-上海:编者,1984 |
| 100页;19cm |
| ISBN :CNY0.20 |
| ● |
| 相关链接 |
|
|
|
|
正题名:怎样打算盘
索取号:O121.5/106
 
预约/预借
| 序号 | 登录号 | 条形码 | 馆藏地/架位号 | 状态 | 备注 |
| 1 | 0038453 | 001245290 | 第三借阅区/ [索取号:O121.5/106] | 在馆 | |
| 2 | 0038454 | 001245343 | 第三借阅区/ [索取号:O121.5/106] | 在馆 | |
| 3 | 0038455 | 001245352 | 第三借阅区/ [索取号:O121.5/106] | 在馆 |